000 00595cam a22002173a 4500
001 39712
003 PGUSA
005 20140828083901.0
008 120516s2012||||xxu|||||s|||||000 | eng d
040 _aPGUSA
_beng
042 _adc
100 1 _aBowker, James
245 1 0 _aGoblin Tales of Lancashire
_h[electronic resource] /
_cJames Bowker
260 _bProject Gutenberg,
_c2012
506 _aPublic domain in the USA.
516 _aElectronic text
700 1 _aGliddon, Charles
830 0 _aProject Gutenberg
_v39712
856 4 0 _uhttp://www.gutenberg.org/ebooks/39712
942 _cEB
999 _c268965
_d268965